[Event "Elit(Rockaden, Sthlm-Manhem)"]
[Site "?"]
[Date "2006.10.22"]
[Round "3"]
[White "Kinnmark, Ove"]
[Black "Hedman, Erik"]
[Result "0-1"]
[WhiteElo "2283"]
[BlackElo "2426"]
[PlyCount "86"]
[EventDate "2006.??.??"]

1. e4 e6 2. d3 d5 3. Nd2 Nf6 4. Ngf3 b6 5. g3 dxe4 6. dxe4 Bb7 7. Bd3 Nc6 8. a3
e5 9. O-O Bd6 10. Qe2 O-O 11. c3 a5 12. a4 Nb8 13. Re1 Nbd7 14. Nh4 Nc5 15. Bc2
Qd7 16. b3 Qh3 17. f3 Ba6 18. Nc4 Qe6 19. Nf5 Bxc4 20. bxc4 Nb7 21. Kg2 Bc5 22.
Be3 Bd6 23. Bf2 Bc5 24. Red1 Rfd8 25. Bxc5 Nxc5 26. Ne3 Rxd1 27. Rxd1 Qe8 28.
Ra1 g6 29. Nd5 Nxd5 30. cxd5 Qe7 31. Bd3 h5 32. Bb5 h4 33. Qf2 Kg7 34. Rd1 Rh8
35. g4 Rd8 36. Qe3 Ne6 37. Kf2 Nf4 38. Rc1 Qa3 39. Qd2 c6 40. Bf1 cxd5 41. Rb1
Rd6 42. Qc1 Qc5+ 43. Qe3 d4 0-1

[Event "Elit(Rockaden, Sthlm-Manhem)"]
[Site "?"]
[Date "2006.10.22"]
[Round "3"]
[White "Engqvist, Thomas"]
[Black "Andersson, Bjorn"]
[Result "1-0"]
[WhiteElo "2405"]
[BlackElo "2330"]
[PlyCount "137"]
[EventDate "2006.??.??"]

1. c4 c5 2. Nf3 Nf6 3. Nc3 e6 4. d4 cxd4 5. Nxd4 Nc6 6. Ndb5 d5 7. Bf4 e5 8.
cxd5 exf4 9. dxc6 bxc6 10. Qxd8+ Kxd8 11. Rd1+ Bd7 12. Nd6 Bxd6 13. Rxd6 Rb8
14. Rd2 Kc7 15. g3 fxg3 16. hxg3 Rhd8 17. Rh4 Be6 18. Rxd8 Rxd8 19. Ra4 Kb7 20.
Bg2 Nd7 21. Ra5 f6 22. f4 h6 23. Be4 g5 24. Bf5 Re8 25. Kf2 Bxf5 26. Rxf5 Re6
27. b4 Nb6 28. Rc5 Nc8 29. Kf3 Nd6 30. e4 Re8 31. e5 fxe5 32. fxe5 Nf5 33. Ne4
Re7 34. Nf6 Re6 35. g4 Nd6 36. Nh5 Nf7 37. Ke4 Nd6+ 38. Kd4 Nb5+ 39. Kd3 Re7
40. Nf6 Kb6 41. a4 Nc7 42. Ke4 Ne6 43. a5+ Kb7 44. Rc4 Nd8 45. Kf5 Nf7 46. Rc5
Nd8 47. Rc4 Ka6 48. Rd4 Ne6 49. Rd6 Nf4 50. Rxc6+ Kb5 51. Rd6 Kxb4 52. a6 Kc4
53. Ng8 Rf7+ 54. Rf6 Rg7 55. Nxh6 Nd5 56. Rf7 Ne7+ 57. Kf6 Rg6+ 58. Kxe7 Rxh6
59. e6 Kd5 60. Rf5+ Kc6 61. Rxg5 Rh7+ 62. Kf6 Kd6 63. Rg7 Rh1 64. Rd7+ Kc6 65.
Rxa7 Rf1+ 66. Ke7 Rg1 67. Rd7 Rxg4 68. a7 Ra4 69. Kd8 1-0

[Event "Elit(Rockaden, Sthlm-Manhem)"]
[Site "?"]
[Date "2006.10.22"]
[Round "3"]
[White "Moberg, Karl Johan"]
[Black "Vilchez, Victor"]
[Result "1/2-1/2"]
[WhiteElo "2325"]
[BlackElo "2359"]
[PlyCount "143"]
[EventDate "2006.??.??"]

1. d4 Nf6 2. c4 c5 3. d5 e6 4. Nc3 exd5 5. cxd5 d6 6. Nf3 g6 7. Bf4 a6 8. e4
Bg7 9. Qa4+ Bd7 10. Qb3 Bc8 11. a4 O-O 12. Be2 Re8 13. Nd2 Qc7 14. O-O Nbd7 15.
Nc4 Bf8 16. Bf3 Rb8 17. Rfe1 b5 18. axb5 axb5 19. Nxb5 Qb7 20. Ra5 Qxd5 21. Qc2
Rxb5 22. Rxb5 Qe6 23. Ra5 d5 24. Nd2 Ne5 25. Bxe5 Qxe5 26. Raa1 Bd6 27. g3 Bh3
28. Re2 Rb8 29. exd5 Rxb2 30. Rxe5 Rxc2 31. Re2 Bf5 32. Nf1 Rc3 33. Ne3 Bd3 34.
Rb2 c4 35. Rb6 Bc5 36. d6 Rb3 37. Raa6 Bd4 38. Rc6 c3 39. Ra8+ Kg7 40. Rac8 Bb5
41. R6c7 Bd7 42. Ra8 Bh3 43. Rb7 Rxb7 44. Bxb7 Bc5 45. Ra6 Bd7 46. Ra1 Ne8 47.
Rc1 Nxd6 48. Ba6 Bd4 49. Nd1 Ne4 50. Bd3 Nc5 51. Bc4 Ne4 52. Bd5 Nf6 53. Bf3
Ng4 54. Bxg4 Bxg4 55. Nxc3 Bf3 56. Nb1 h5 57. Nd2 Bd5 58. Rc7 Bb6 59. Rd7 Be6
60. Rd6 Bc5 61. Rc6 Bd4 62. h4 Bf6 63. Ra6 Bd5 64. Rd6 Bb7 65. Rd3 Ba6 66. Ra3
Bb7 67. Nf3 Bd5 68. Ng5 Be7 69. Ra7 Bf6 70. Rd7 Bb3 71. Rc7 Bd5 72. Rd7 1/2-1/2

[Event "Elit(Rockaden, Sthlm-Manhem)"]
[Site "?"]
[Date "2006.10.22"]
[Round "3"]
[White "Livner, Anders"]
[Black "Welin, Mats"]
[Result "1-0"]
[WhiteElo "2374"]
[BlackElo "2276"]
[PlyCount "79"]
[EventDate "2006.??.??"]

1. d4 Nf6 2. c4 e6 3. Nf3 d5 4. Nc3 Be7 5. Bg5 h6 6. Bh4 O-O 7. e3 b6 8. Be2
Bb7 9. Bxf6 Bxf6 10. cxd5 exd5 11. b4 c6 12. O-O a5 13. b5 c5 14. Ne5 cxd4 15.
exd4 Qc7 16. Na4 Bxe5 17. dxe5 Nd7 18. f4 f6 19. e6 Nc5 20. f5 Rad8 21. Qd4
Nxa4 22. Qxa4 d4 23. Qc4 Qe7 24. Bf3 Bxf3 25. Rxf3 Rfe8 26. Rc1 Kh7 27. Rd3 Qd6
28. Qc6 Qe5 29. Rf1 Qe2 30. Qc4 h5 31. a4 Rc8 32. Qxd4 Rc2 33. Rg3 Rd2 34. Qxb6
Re7 35. Qe3 Qxe3+ 36. Rxe3 Rd4 37. Rb1 Rxa4 38. b6 Rb4 39. Rxb4 axb4 40. Rb3
1-0

[Event "Elit(Eksjo-Wasa)"]
[Site "?"]
[Date "2006.10.22"]
[Round "3"]
[White "Wedberg, Tom"]
[Black "Gdanski, Jacek"]
[Result "1-0"]
[WhiteElo "2539"]
[BlackElo "2584"]
[PlyCount "121"]
[EventDate "2006.??.??"]
[SourceDate "2006.11.05"]

1. e4 e6 2. d4 d5 3. Nc3 Bb4 4. e5 Ne7 5. a3 Bxc3+ 6. bxc3 c5 7. a4 Qc7 8. Nf3
h6 9. Bb5+ Bd7 10. Bd3 Nbc6 11. O-O b6 12. Re1 Na5 13. Qd2 c4 14. Bf1 Bc6 15.
Ba3 Qd7 16. Qc1 Nb7 17. h4 Nc8 18. h5 Bxa4 19. g3 b5 20. Nh4 Ne7 21. Bh3 O-O-O
22. f4 Nc6 23. f5 a5 24. Qd2 Rhe8 25. Re2 b4 26. cxb4 axb4 27. Bxb4 Bxc2 28.
Qxc2 Nxd4 29. Qb2 Nxe2+ 30. Qxe2 Qb5 31. fxe6 fxe6 32. Be1 d4 33. Rc1 d3 34.
Qa2 Kb8 35. Nf3 Qb3 36. Qxb3 cxb3 37. Rb1 Nc5 38. Bb4 Rd5 39. Bxc5 Rxc5 40.
Rxb3+ Kc7 41. Rxd3 Rd5 42. Rd4 Kc6 43. Rg4 Rd1+ 44. Kh2 Re7 45. Bg2 Kc5 46. Re4
Rb1 47. Re2 Rb4 48. Nh4 Rf7 49. Bh3 Rb6 50. Ng6 Kd4 51. Nf4 Re7 52. Kg2 Re8 53.
Bg4 Ra6 54. Kf3 Ra3+ 55. Kf2 Ra6 56. Bf3 Rb8 57. Re4+ Kc3 58. Ne2+ Kb2 59. Bg4
Rbb6 60. Nf4 Kc3 61. Bxe6 1-0

[Event "Elit(Eksjo-Wasa)"]
[Site "?"]
[Date "2006.10.22"]
[Round "3"]
[White "Vernersson, Per"]
[Black "von Bahr, Oskar"]
[Result "0-1"]
[WhiteElo "2496"]
[BlackElo "2382"]
[PlyCount "116"]
[EventDate "2006.??.??"]

1. Nf3 c5 2. g3 Nc6 3. d4 cxd4 4. Nxd4 g6 5. Bg2 Bg7 6. Nb3 Nf6 7. O-O O-O 8.
c4 d6 9. Nc3 Bf5 10. e4 Bg4 11. f3 Be6 12. Nd5 Ne5 13. Qe2 Rc8 14. Nd2 Nxd5 15.
cxd5 Qb6+ 16. Kh1 Bd7 17. a4 Rc2 18. h3 Qa6 19. Qxa6 bxa6 20. f4 Nd3 21. Nf3
Nf2+ 22. Kh2 Nxe4 23. Be3 Rb8 24. Rac1 Rbxb2 25. Rxc2 Rxc2 26. Rb1 Rb2 27. Rc1
Nc3 28. Bxa7 Bxa4 29. Nd4 Nxd5 30. Rc8+ Bf8 31. Nf3 Bd7 32. Rd8 Bb5 33. Bd4 Ra2
34. Kg1 Nc7 35. Rb8 Ne6 36. Be3 Ra1+ 37. Kh2 Ra2 38. Kg1 Ra1+ 39. Kh2 Bf1 40.
Bxf1 Rxf1 41. Kg2 Ra1 42. g4 Ra3 43. Kf2 f5 44. gxf5 gxf5 45. Nh4 Ng7 46. Nf3
h6 47. Nd4 Kf7 48. Ra8 Ra2+ 49. Kf3 e5 50. Nc6 e4+ 51. Kg3 Re2 52. Bd4 Nh5+ 53.
Kh4 Nxf4 54. Kg3 Ne6 55. Rxa6 f4+ 56. Kg4 f3 57. Kf5 Nxd4+ 58. Nxd4 f2 0-1

[Event "Elit(Eksjo-Wasa)"]
[Site "?"]
[Date "2006.10.22"]
[Round "3"]
[White "Hellborg, Teodor"]
[Black "Schussler, Harry"]
[Result "1-0"]
[WhiteElo "2379"]
[BlackElo "2449"]
[PlyCount "76"]
[EventDate "2006.??.??"]

1. d4 e6 2. c4 Bb4+ 3. Bd2 a5 4. e4 d5 5. e5 Bxd2+ 6. Nxd2 Ne7 7. Qg4 Nf5 8.
Ngf3 Nc6 9. Bd3 O-O 10. cxd5 Qxd5 11. Ne4 Kh8 12. Nc3 Qd8 13. Rd1 f6 14. O-O
fxe5 15. dxe5 Qe7 16. Ne4 Bd7 17. Ng3 Rad8 18. Rfe1 Bc8 19. a3 Rd5 20. Be4 Rxd1
21. Rxd1 Bd7 22. Qg5 Qe8 23. h3 Nd8 24. Qg4 Nxg3 25. Qxg3 Bc6 26. Qh4 h6 27.
Rd2 Kg8 28. Qg4 Bxe4 29. Qxe4 Nc6 30. Rd3 Qc8 31. Nd4 Nxd4 32. Rxd4 Re8 33. Qg6
Re7 34. f4 b6 35. Qd3 Qf8 36. Qe4 Re8 37. Qc6 Re7 38. Kh2 Qe8 1-0

[Event "Elit(Eksjo-Wasa)"]
[Site "?"]
[Date "2006.10.22"]
[Round "3"]
[White "Ornstein, Axel"]
[Black "Astrom, Goran"]
[Result "1-0"]
[WhiteElo "2422"]
[BlackElo "2338"]
[PlyCount "97"]
[EventDate "2006.??.??"]

1. c4 Nf6 2. Nc3 c5 3. g3 e6 4. Nf3 b6 5. Bg2 Bb7 6. O-O Be7 7. d4 cxd4 8. Qxd4
d6 9. Bg5 a6 10. Bxf6 Bxf6 11. Qd3 Bxf3 12. exf3 Ra7 13. Rad1 Rd7 14. f4 O-O
15. f5 Bxc3 16. bxc3 exf5 17. Qxf5 Qc7 18. Rd4 g6 19. Qg5 f6 20. Qd5+ Kg7 21.
Re1 a5 22. Re6 Na6 23. Rxd6 Rxd6 24. Qxd6 Qxd6 25. Rxd6 Rb8 26. Rd7+ Kh6 27.
Rf7 f5 28. Kf1 Nc5 29. Ke2 Re8+ 30. Kd2 Rd8+ 31. Bd5 Ne4+ 32. Kd3 Nxf2+ 33. Kd4
Ng4 34. h4 Re8 35. Rb7 Nf6 36. Rxb6 Nh5 37. c5 Nxg3 38. Re6 Rd8 39. c6 f4 40.
Kc5 Nf5 41. c7 Rf8 42. Bc6 Rc8 43. Kb6 Kh5 44. Kb7 Rxc7+ 45. Kxc7 Kxh4 46. c4
Kg3 47. c5 f3 48. Bxf3 Kxf3 49. Kb6 1-0

[Event "Elit(Eksjo-Wasa)"]
[Site "?"]
[Date "2006.10.22"]
[Round "3"]
[White "Collett, Peter"]
[Black "Rothen, Hakan"]
[Result "1-0"]
[WhiteElo "2225"]
[BlackElo "2338"]
[PlyCount "159"]
[EventDate "2006.??.??"]

1. d4 g6 2. e4 Bg7 3. Nc3 d6 4. Be3 a6 5. Qd2 b5 6. a4 b4 7. Nd1 a5 8. c3 Nf6
9. f3 bxc3 10. bxc3 O-O 11. Bd3 Ba6 12. Nf2 Nbd7 13. Ne2 Bxd3 14. Nxd3 Nb6 15.
Nb2 Qc8 16. Qd3 Nfd7 17. O-O c5 18. Rfb1 c4 19. Qc2 e6 20. Nd1 d5 21. exd5 exd5
22. Rb5 Qc6 23. Nf4 Rfe8 24. Kf2 Qd6 25. g3 h5 26. h4 Re7 27. Ng2 Kh7 28. Bg5
Ree8 29. Nde3 Nf8 30. Rab1 Ra6 31. g4 hxg4 32. Nxg4 f5 33. Bf4 Qd8 34. Ne5 Re6
35. Nf7 Qe7 36. Ng5+ Kg8 37. Nxe6 Qxe6 38. Ne3 Qc6 39. Rg1 Qf6 40. Bg5 Qd6 41.
f4 Ne6 42. Kf3 Qa3 43. Qb2 Qxb2 44. Rxb2 Bf8 45. Rb5 Nxa4 46. Rb7 Nxc3 47. Nxf5
Nxd4+ 48. Nxd4 Bc5 49. Re1 Ne4 50. Nc2 a4 51. h5 gxh5 52. Rh1 a3 53. Rxh5 a2
54. Bh4 Ra3+ 55. Kg4 a1=Q 56. Nxa1 Rxa1 57. Rxd5 Ra8 58. Kf3 Re8 59. Re5 Rxe5
60. fxe5 Nd2+ 61. Ke2 c3 62. Kd3 Nf3 63. Bf6 c2 64. Kxc2 Bd4 65. Rb5 Kf7 66.
Kd3 Ke6 67. Ke4 Bxe5 68. Bxe5 Ng5+ 69. Ke3 Nf7 70. Bg3 Nd8 71. Ke4 Nf7 72. Rb6+
Ke7 73. Bh4+ Kd7 74. Kd5 Kc7 75. Rc6+ Kb7 76. Rg6 Nh8 77. Rg7+ Ka6 78. Ke6 Kb6
79. Kf6 Kc6 80. Rh7 1-0

[Event "Elit(Eksjo-Wasa)"]
[Site "?"]
[Date "2006.10.22"]
[Round "3"]
[White "Miskulin, Dennis"]
[Black "Berkell, Peder"]
[Result "1-0"]
[WhiteElo "2272"]
[BlackElo "2217"]
[PlyCount "85"]
[EventDate "2006.??.??"]

1. e4 g6 2. d4 Bg7 3. Nc3 d6 4. Nf3 a6 5. a4 b6 6. Be2 Bb7 7. O-O e6 8. Bg5 Ne7
9. Qd2 h6 10. Be3 Nd7 11. Rad1 g5 12. Ne1 Ng6 13. d5 O-O 14. g3 e5 15. Ng2 Kh7
16. f3 Qe7 17. Bf2 f5 18. exf5 Rxf5 19. Be1 Raf8 20. Qe3 Qf7 21. g4 Rf4 22.
Nxf4 exf4 23. Qd2 Nge5 24. Ne4 Kg8 25. Bf2 Re8 26. h3 Nc5 27. Bxc5 bxc5 28. Kg2
Nd7 29. a5 Bd4 30. c4 Bc8 31. h4 gxh4 32. Rh1 Rxe4 33. fxe4 Be3 34. Qe1 Ne5 35.
Rh3 Nxg4 36. Qxh4 Nf6 37. Rxe3 fxe3 38. Rf1 Qg7+ 39. Qg3 Qxg3+ 40. Kxg3 Nxe4+
41. Kf4 Ng5 42. Kxe3 Kg7 43. b4 1-0

[Event "Elit(Eksjo-Wasa)"]
[Site "?"]
[Date "2006.10.22"]
[Round "3"]
[White "Soderberg, Per"]
[Black "Thornert, Hakan"]
[Result "1/2-1/2"]
[WhiteElo "2213"]
[BlackElo "2232"]
[PlyCount "93"]
[EventDate "2006.??.??"]

1. e4 c5 2. Nf3 d6 3. c3 Nf6 4. h3 g6 5. Bd3 Bg7 6. O-O O-O 7. Bc2 e5 8. Re1
Nc6 9. d4 exd4 10. cxd4 cxd4 11. Nxd4 Re8 12. Nb5 d5 13. N1c3 a6 14. exd5 Rxe1+
15. Qxe1 Nb4 16. Na3 Nfxd5 17. Nxd5 Nxd5 18. Bb3 Be6 19. Nc2 Rc8 20. Nb4 Nc7
21. Qe3 a5 22. Nd3 Bxb3 23. axb3 Qd5 24. Bd2 Qxb3 25. Bxa5 Ne6 26. Ra3 Qd1+ 27.
Kh2 Nd4 28. Rc3 Nc6 29. Rc1 Qb3 30. Bc3 Qd5 31. Bxg7 Kxg7 32. Nf4 Qd6 33. Qg3
Rd8 34. Rc3 Ne5 35. Re3 f6 36. Rb3 Rd7 37. Rb5 Kh8 38. Rd5 Qc6 39. Qa3 Kg7 40.
Rxd7+ Qxd7 41. Qc5 Nf7 42. g3 Ng5 43. Qb4 Nf3+ 44. Kg2 Ne5 45. Kh2 Nf3+ 46. Kg2
Ne5 47. Kh2 1/2-1/2

[Event "Elit(Eksjo-Wasa)"]
[Site "?"]
[Date "2006.10.22"]
[Round "3"]
[White "de Verdier, Michael"]
[Black "Hallerod, Ralph"]
[Result "0-1"]
[WhiteElo "2220"]
[BlackElo "2150"]
[PlyCount "82"]
[EventDate "2006.??.??"]

1. Nf3 Nf6 2. c4 g6 3. g3 Bg7 4. Bg2 O-O 5. O-O d6 6. Nc3 c5 7. d4 Na6 8. a3
Be6 9. Ng5 Bxc4 10. Qa4 cxd4 11. Qxc4 dxc3 12. Bxb7 cxb2 13. Bxb2 Rb8 14. Bd5
Nxd5 15. Bxg7 Kxg7 16. Qxd5 Nc5 17. Ne4 Nxe4 18. Qxe4 Qd7 19. Rfd1 Qb7 20. Qxb7
Rxb7 21. Rab1 Rfb8 22. Rxb7 Rxb7 23. Rd4 Rb5 24. Rc4 Ra5 25. Rc3 d5 26. e3 Kf6
27. Kf1 Ke5 28. Ke2 Kd6 29. Kd3 Rb5 30. e4 Rb2 31. Ke3 dxe4 32. g4 f5 33. h3 e5
34. f4 Rh2 35. fxe5+ Kxe5 36. Rc5+ Kd6 37. Ra5 Rxh3+ 38. Kd4 Rd3+ 39. Kc4 fxg4
40. Rxa7 Ke5 41. Rxh7 Rxa3 0-1

[Event "Elit(Astorp-Vasteras)"]
[Site "?"]
[Date "2006.10.22"]
[Round "3"]
[White "Eriksson, Jonas"]
[Black "Sjodahl, Pontus"]
[Result "1-0"]
[WhiteElo "2365"]
[BlackElo "2471"]
[PlyCount "69"]
[EventDate "2006.??.??"]
[SourceDate "2006.11.05"]

1. d4 e6 2. Nf3 d5 3. c4 Nf6 4. Nc3 Bb4 5. e3 O-O 6. Bd3 dxc4 7. Bxc4 c5 8. O-O
cxd4 9. exd4 b6 10. Re1 Bb7 11. Bg5 Nbd7 12. Rc1 Rc8 13. Bd3 Re8 14. Bb1 Be7
15. Qd3 Nf8 16. Ne5 N6d7 17. Bxe7 Qxe7 18. Qh3 Red8 19. a3 Qg5 20. Rcd1 Nxe5
21. Rxe5 Qf4 22. Rh5 f5 23. Rh4 Qg5 24. Qg3 Qf6 25. Ba2 Kh8 26. Qh3 h6 27. Re1
Kh7 28. Ne2 Ng6 29. Rh5 Rc2 30. Qb3 Rxe2 31. Rxe2 Nf4 32. Rxe6 Qxd4 33. Rexh6+
gxh6 34. Qf7+ Qg7 35. Qxf5+ 1-0

[Event "Elit(Astorp-Vasteras)"]
[Site "?"]
[Date "2006.10.22"]
[Round "3"]
[White "Hoi, Carsten"]
[Black "Eriksson, Johan"]
[Result "0-1"]
[WhiteElo "2383"]
[BlackElo "2447"]
[PlyCount "70"]
[EventDate "2006.??.??"]

1. d4 Nf6 2. Nf3 g6 3. c4 Bg7 4. Nc3 d6 5. e4 O-O 6. h3 c5 7. d5 e6 8. Bd3 exd5
9. exd5 Re8+ 10. Be3 Bf5 11. O-O Ne4 12. Nxe4 Bxe4 13. Bxe4 Rxe4 14. Qc2 Re8
15. Bf4 Na6 16. Rae1 Qd7 17. a3 Nc7 18. b4 cxb4 19. axb4 b5 20. Rxe8+ Rxe8 21.
Rc1 h6 22. Qa2 bxc4 23. Qxa7 c3 24. Be3 Re7 25. Nd4 Nxd5 26. Qa8+ Qe8 27. Qxd5
Rxe3 28. Nf3 Re4 29. Qxd6 Qa4 30. Qd8+ Kh7 31. Qd5 Qxb4 32. Qxf7 Qb2 33. Rf1 c2
34. Qc7 Rb4 35. h4 Qc3 0-1

[Event "Elit(Astorp-Vasteras)"]
[Site "?"]
[Date "2006.10.22"]
[Round "3"]
[White "Norberg, Johan"]
[Black "Jakobsen, Ole"]
[Result "0-1"]
[WhiteElo "2357"]
[BlackElo "2370"]
[PlyCount "98"]
[EventDate "2006.??.??"]

1. e4 c5 2. Nf3 a6 3. g3 Nc6 4. Bg2 e6 5. O-O d6 6. d4 cxd4 7. Nxd4 Bd7 8. c4
Nf6 9. Nc3 Be7 10. b3 O-O 11. Bb2 Rc8 12. Rc1 Nxd4 13. Qxd4 b5 14. cxb5 axb5
15. Ba3 e5 16. Qb4 Ra8 17. Rfd1 Re8 18. Nd5 Nxd5 19. exd5 Ra7 20. Ra1 Qa8 21.
Bb2 Rxa2 22. Rxa2 Qxa2 23. Bc3 Qa7 24. Ra1 Qb8 25. Qa3 Bf8 26. Bb4 Rc8 27. Bf1
f5 28. Qa7 Be8 29. Qxb8 Rxb8 30. Ra6 Rd8 31. Rb6 Kf7 32. Bxb5 Bxb5 33. Rxb5 Rc8
34. Rb7+ Ke8 35. Kg2 Rc1 36. Rb8+ Kf7 37. Ba5 Rd1 38. b4 Rxd5 39. b5 Be7 40.
Bc7 Ke6 41. b6 Rb5 42. Rg8 Bf6 43. Ra8 Kd7 44. Ra7 Kc6 45. Ra2 e4 46. Rd2 d5
47. Rc2+ Kb7 48. h3 Rb2 49. Rc5 Rxf2+ 0-1

[Event "Elit(Astorp-Vasteras)"]
[Site "?"]
[Date "2006.10.22"]
[Round "3"]
[White "Johansson, Mikael"]
[Black "Eriksson, Anders"]
[Result "0-1"]
[WhiteElo "2370"]
[BlackElo "2366"]
[PlyCount "138"]
[EventDate "2006.??.??"]

1. Nc3 d5 2. e4 c6 3. d4 dxe4 4. Nxe4 Nd7 5. Nf3 Ngf6 6. Nxf6+ Nxf6 7. Ne5 Be6
8. c3 g6 9. Bd3 Bg7 10. Qe2 O-O 11. O-O Qc8 12. f4 Bf5 13. Bc4 Be6 14. Bd2 Bxc4
15. Qxc4 e6 16. Rae1 Nd5 17. b4 a5 18. a3 Ra6 19. Bc1 axb4 20. axb4 b5 21. Qb3
Qc7 22. g4 Re8 23. Nd3 Raa8 24. Nc5 Qd8 25. Kg2 Nf6 26. Kg3 Qd5 27. Qb1 Nxg4
28. Re5 Nxe5 29. fxe5 Ra2 30. Ne4 Re2 31. Rf4 Qa2 32. Qxa2 Rxa2 33. Rf3 h6 34.
h4 Rc2 35. Bd2 Ra8 36. Rf2 Raa2 37. Rh2 Bf8 38. h5 g5 39. Rf2 Be7 40. Kg2 Kf8
41. Re2 Rc1 42. Rf2 Rb1 43. Re2 Raa1 44. Ng3 Rg1+ 45. Kf3 Ke8 46. Kf2 Kd7 47.
Be1 Rgxe1 48. Rxe1 Rxe1 49. Kxe1 f6 50. exf6 Bxf6 51. Ne4 Be7 52. Nf2 Bf6 53.
Ng4 Bg7 54. Ke2 e5 55. Kd3 exd4 56. cxd4 Ke6 57. Ke4 Bf8 58. Ne5 Bxb4 59. Nxc6
Bf8 60. Na7 b4 61. d5+ Kf6 62. Nc6 b3 63. Kd3 b2 64. Kc2 Ba3 65. d6 Bxd6 66.
Kxb2 g4 67. Kc2 Bc5 68. Nb8 g3 69. Nd7+ Kf5 0-1

[Event "Elit(Astorp-Vasteras)"]
[Site "?"]
[Date "2006.10.22"]
[Round "3"]
[White "Norberg, Erik"]
[Black "Ivarsson, Stefan"]
[Result "0-1"]
[WhiteElo "2268"]
[BlackElo "2293"]
[PlyCount "96"]
[EventDate "2006.??.??"]

1. e4 e6 2. d3 d5 3. Nd2 Nf6 4. Ngf3 Nc6 5. g3 a5 6. Bg2 dxe4 7. dxe4 e5 8. O-O
Bc5 9. Qe2 b6 10. Nb3 Ba6 11. c4 Bd6 12. a4 Nd7 13. Rd1 O-O 14. Bg5 f6 15. Be3
Qe7 16. Nh4 g6 17. Rac1 Rad8 18. Qg4 Kh8 19. Rd5 Bc8 20. Qe2 Nb4 21. Rd2 Nc5
22. Nxc5 Bxc5 23. Rcd1 Bxe3 24. Qxe3 Na6 25. Bf1 Kg7 26. Ng2 Nc5 27. Qa3 Rxd2
28. Rxd2 Rd8 29. Rc2 Qd6 30. f3 Qd4+ 31. Ne3 Bd7 32. Kg2 Bxa4 33. Rf2 c6 34. h4
Bb3 35. Ng4 h5 36. Nh2 Qe3 37. Be2 Qc1 38. g4 Rd2 39. gxh5 gxh5 40. f4 Qxb2 41.
Qxb2 Rxb2 42. fxe5 fxe5 43. Kf3 a4 44. Rg2+ Kf6 45. Rg5 a3 46. Rxh5 a2 47. Ng4+
Ke7 48. Rh7+ Kd6 0-1

[Event "Elit(Astorp-Vasteras)"]
[Site "?"]
[Date "2006.10.22"]
[Round "3"]
[White "Nilsson, Anders"]
[Black "Nilsson, Andre"]
[Result "1/2-1/2"]
[WhiteElo "2245"]
[BlackElo "2294"]
[PlyCount "51"]
[EventDate "2006.??.??"]

1. d4 g6 2. c4 Bg7 3. e4 d6 4. Nc3 Nf6 5. Be2 O-O 6. Nf3 c6 7. O-O a6 8. Qc2
Nbd7 9. Bg5 e5 10. dxe5 dxe5 11. b4 Qe7 12. c5 a5 13. a3 Re8 14. Na4 axb4 15.
axb4 Nf8 16. Bc4 Bg4 17. Nd2 Ne6 18. Bxe6 Bxe6 19. Nb6 Rxa1 20. Rxa1 h6 21.
Bxf6 Bxf6 22. Ndc4 Bg7 23. Nd6 Rb8 24. Qd2 Qc7 25. Rd1 Rd8 26. Qb2 1/2-1/2

[Event "Elit(Astorp-Vasteras)"]
[Site "?"]
[Date "2006.10.22"]
[Round "3"]
[White "Kimari, Patrick"]
[Black "Tallinger, Thomas"]
[Result "0-1"]
[WhiteElo "2191"]
[BlackElo "2224"]
[PlyCount "78"]
[EventDate "2006.??.??"]

1. e4 e6 2. b3 d5 3. Bb2 dxe4 4. Nc3 Nf6 5. g4 Be7 6. g5 Nd5 7. Nxe4 Bxg5 8.
Qg4 Bh6 9. Nf3 Qe7 10. Rg1 Nd7 11. a4 Nf4 12. Ba3 c5 13. Bb5 f5 14. Bxc5 fxg4
15. Bxe7 Kxe7 16. Rxg4 Nf6 17. Nxf6 gxf6 18. O-O-O e5 19. Rh4 Bg7 20. d4 Ng6
21. Re4 Bf5 22. Ree1 Rhd8 23. Kb2 Rac8 24. Bc4 Bg4 25. Rd3 Bxf3 26. Rxf3 Rxd4
27. Rh3 Rh4 28. Rg3 Rxh2 29. f4 f5 30. fxe5 Bxe5+ 31. Kb1 Kf6 32. Rd3 a6 33.
Rd7 Rc7 34. Rd5 Re7 35. Rf1 f4 36. Rd8 Bc3 37. Bd3 Re1+ 38. Rxe1 Bxe1 39. Rd5
Bc3 0-1

[Event "Elit(Astorp-Vasteras)"]
[Site "?"]
[Date "2006.10.22"]
[Round "3"]
[White "Fagerstrom, Bjorn"]
[Black "Janse, Love"]
[Result "1-0"]
[WhiteElo "2217"]
[BlackElo "2259"]
[PlyCount "29"]
[EventDate "2006.??.??"]

1. e4 g6 2. d4 d6 3. Nc3 c6 4. a4 Bg7 5. Nf3 Nd7 6. Be2 e5 7. O-O Ngf6 8. h3
O-O 9. dxe5 dxe5 10. Qd6 Re8 11. Bc4 h6 12. Rd1 Qe7 13. Qd3 Nh5 14. Qe3 Qc5 15.
Bxf7+ 1-0

[Event "Elit(Limhamn-Rockaden, Umea)"]
[Site "?"]
[Date "2006.10.22"]
[Round "3"]
[White "Eriksson, Jorgen"]
[Black "Hector, Jonny"]
[Result "0-1"]
[WhiteElo "2265"]
[BlackElo "2635"]
[PlyCount "106"]
[EventDate "2006.??.??"]
[SourceDate "2006.11.05"]

1. d4 d5 2. c4 c6 3. Nf3 Nf6 4. Qc2 g6 5. Bf4 Na6 6. e3 Bf5 7. Qb3 Nb4 8. Qxb4
e5 9. Qxb7 Rb8 10. Qxc6+ Bd7 11. Qxf6 Qxf6 12. Bxe5 Qb6 13. b3 Qa5+ 14. Nfd2
Rxb3 15. axb3 Qxa1 16. Bxh8 Qb2 17. Be2 Qc1+ 18. Bd1 Bg4 19. f3 Bf5 20. Kf2 Bb4
21. cxd5 Bxd2 22. Nxd2 Qxd2+ 23. Be2 Bd3 24. Re1 a5 25. d6 Kd7 26. Be5 f5 27.
d5 g5 28. f4 g4 29. Kf1 h5 30. Bxd3 Qxd3+ 31. Kf2 h4 32. g3 h3 33. Re2 Qb1 34.
Re1 Qc2+ 35. Re2 Qd1 36. Ra2 Qh1 37. Rxa5 Qf3+ 38. Ke1 Qxe3+ 39. Kd1 Qg1+ 40.
Kc2 Qxh2+ 41. Kd3 Qg1 42. Ra8 Qc5 43. Rh8 Qxd5+ 44. Kc3 Qc5+ 45. Kd3 Ke6 46.
Re8+ Kd5 47. Rb8 Qc6 48. Rh8 Qb7 49. Kc3 Ke4 50. Kc4 Qd5+ 51. Kb4 Kf3 52. Rh7
Kg2 53. d7 h2 0-1

[Event "Elit(Limhamn-Rockaden, Umea)"]
[Site "?"]
[Date "2006.10.22"]
[Round "3"]
[White "Helgason, Reynir"]
[Black "Lindgren, Fredrik"]
[Result "1-0"]
[WhiteElo "2382"]
[BlackElo "2290"]
[PlyCount "69"]
[EventDate "2006.??.??"]

1. d4 Nf6 2. c4 c5 3. d5 a6 4. a4 e6 5. g3 exd5 6. cxd5 Bd6 7. Bg2 Bc7 8. d6
Ba5+ 9. Bd2 O-O 10. Na3 Nc6 11. Nc4 Bxd2+ 12. Qxd2 Rb8 13. a5 b5 14. axb6 Nd4
15. Ra3 Re8 16. e3 Ne4 17. Qd3 Bb7 18. Nh3 Nb5 19. O-O Qf6 20. Nf4 Nexd6 21.
Nxd6 Nxd6 22. Bxb7 Nxb7 23. Rxa6 Qxb2 24. Rb1 Qe5 25. Qxd7 Nd6 26. Rd1 Nc4 27.
b7 Qe4 28. Qd3 Qf3 29. Ra8 Rxa8 30. bxa8=Q Qxa8 31. Qxc4 Qa5 32. Rd7 Qa1+ 33.
Kg2 Qf6 34. Qxc5 g5 35. Nd5 1-0

[Event "Elit(Limhamn-Rockaden, Umea)"]
[Site "?"]
[Date "2006.10.22"]
[Round "3"]
[White "Malmstig, Erik"]
[Black "Schneider, Stefan"]
[Result "0-1"]
[WhiteElo "2329"]
[BlackElo "2454"]
[PlyCount "78"]
[EventDate "2006.??.??"]

1. d4 d5 2. c4 c6 3. Nf3 Nf6 4. Nc3 a6 5. c5 Bf5 6. e3 Qc7 7. Be2 h6 8. Ne5
Nbd7 9. f4 e6 10. O-O Be7 11. Bd2 Bh7 12. Be1 Ne4 13. Nxe4 Bxe4 14. Bg3 O-O 15.
f5 Qc8 16. Nxd7 Qxd7 17. f6 Bxf6 18. Rxf6 gxf6 19. Bf4 Kh7 20. Qe1 Rg8 21. g4
Rg6 22. Qh4 Rag8 23. Kf2 Qd8 24. b4 f5 25. Qxd8 Rxd8 26. a4 Ra8 27. Ra2 fxg4
28. Rb2 f6 29. Kg3 Rg7 30. Kh4 Bf5 31. Kg3 Kg6 32. Bf1 h5 33. Be2 Be4 34. Kf2
Kf5 35. Bd6 h4 36. Bf1 e5 37. Be2 g3+ 38. hxg3 hxg3+ 39. Ke1 g2 0-1

[Event "Elit(Limhamn-Rockaden, Umea)"]
[Site "?"]
[Date "2006.10.22"]
[Round "3"]
[White "Carlsson, Daniel"]
[Black "Engman, Rickard"]
[Result "0-1"]
[WhiteElo "2313"]
[BlackElo "2199"]
[PlyCount "51"]
[EventDate "2006.??.??"]

1. e4 e5 2. Nf3 Nc6 3. Bb5 a6 4. Ba4 Nf6 5. O-O Be7 6. Re1 b5 7. Bb3 O-O 8. d4
d6 9. h3 Nxd4 10. Nxd4 exd4 11. a4 Bb7 12. Qe2 c5 13. axb5 axb5 14. Rxa8 Bxa8
15. Qxb5 Nxe4 16. Qe2 Bh4 17. g3 Bg5 18. Kh2 Bxc1 19. Rxc1 Ng5 20. Nd2 Qd7 21.
Qf1 Re8 22. h4 Nf3+ 23. Nxf3 Bxf3 24. Re1 Re7 25. Rxe7 Qxe7 26. Qa6 0-1

[Event "Elit(Limhamn-Rockaden, Umea)"]
[Site "?"]
[Date "2006.10.22"]
[Round "3"]
[White "Nygren, David"]
[Black "Nylen, Anders"]
[Result "0-1"]
[WhiteElo "2238"]
[BlackElo "2279"]
[PlyCount "92"]
[EventDate "2006.??.??"]

1. e4 c5 2. c3 Nf6 3. e5 Nd5 4. d4 cxd4 5. Nf3 e6 6. cxd4 b6 7. a3 Ba6 8. Bxa6
Nxa6 9. Nbd2 Be7 10. Ne4 f5 11. exf6 Nxf6 12. Neg5 O-O 13. Qd3 Nc7 14. Ne5 Qe8
15. h4 d6 16. Ng4 Qh5 17. f3 Nxg4 18. fxg4 Qg6 19. Qxg6 hxg6 20. Nf3 Rae8 21.
Be3 Nd5 22. Kd2 e5 23. dxe5 Nxe3 24. Kxe3 dxe5 25. b4 a5 26. Rab1 axb4 27. axb4
Rf4 28. Nxe5 Rxb4 29. Rxb4 Bxb4 30. Kd4 Bc5+ 31. Kd5 Rd8+ 32. Kc6 Rd6+ 33. Kb5
Rd2 34. Ra1 Kf8 35. Ra7 Rxg2 36. Ra8+ Ke7 37. g5 Ke6 38. Nxg6 Kf5 39. Nf8 Rh2
40. Nd7 Rxh4 41. Ra7 g6 42. Nf6 Kxg5 43. Nd5 Rd4 44. Kc6 Kh6 45. Rf7 g5 46. Ne3
Rf4 0-1